Zázračné nožnice Neviditeľní ľudia (6)

Podrobná bibliografia
Hlavný autor: Ulman, Miro (Autor)
Médium: Článok
Jazyk:slovenčina
Fyzický popis:Fot. 3.
Predmet:

MARC

LEADER 00000nab a2200000 a 4500
001 vtls000462368
003 SK-MaSNL
005 20260303172203.0
008 120926c1992 xo 0 slo
015 |a SNBRB19rr/mm-uuuuu 
035 |a CL0462501 
040 |a SNKBUCL  |b slo  |c SNKBUCL  |e AACR2 
041 0 |a slo 
044 |a xo  |c SK 
080 |a 791.44.021.17  |2 1981 
100 1 |a Ulman, Miro  |4 aut  |9 453409 
245 1 0 |a Zázračné nožnice  |b Neviditeľní ľudia (6)  |c Miro Ulman 
300 |b Fot. 3. 
650 0 7 |a film  |2 snkbucl  |9 1425 
650 0 7 |a filmový strih  |2 snkbucl  |9 100249 
655 7 |a články z novín a časopisov  |2 snkbucl  |9 267496 
773 0 |t Film Fan  |g Roč. 2, č. 6 (1992), s. 26 
850 |a Slovenská národná knižnica v Martine  |a MTA001 
852 |a SNK  |b KIS3GCP 
958 |a RK 
992 |a RBX 
999 |c 2085331  |d 2087261